|
|
|
|
| LEADER |
00000nab a2200000 a 4500 |
| 001 |
vtls009482844 |
| 003 |
SK-MaSNL |
| 005 |
20260427085022.0 |
| 008 |
250506c2008 xo fr|p|||||||000 b|slo |
| 015 |
|
|
|a SNBRB2009/03
|2 snkbucl
|
| 035 |
|
|
|a (sysno)vtls009482844
|
| 035 |
|
|
|a urn:nbn:sk:snk-ab7dgb
|
| 035 |
|
|
|a (uuid)f1cdc4b0-e145-4449-9676-df93ef32ff8a
|
| 035 |
|
|
|a (urnnbn)urn:nbn:sk:snk:ar-a07qm4
|
| 038 |
|
|
|a SNKBUCL
|
| 040 |
|
|
|a SNKBUCL
|b slo
|c SNKBUCL
|e AACR2
|
| 041 |
0 |
|
|a slo
|
| 044 |
|
|
|a xo
|c SK
|
| 080 |
|
|
|a 791.227.1
|2 2001
|
| 080 |
|
|
|a 78.071.1/.2:784.66
|2 2001
|
| 100 |
1 |
|
|a Hoppan, Juraj
|4 aut
|9 1074353
|
| 245 |
1 |
0 |
|a Šesť nepravých tvárí Boba Dylana vo filme Todda Haynesa: I'm Not There
|c Juraj Hoppan
|
| 300 |
|
|
|b Fotogr.
|
| 600 |
1 |
7 |
|a Dylan, Bob,
|d 1941-
|2 snkbucl
|9 1637676
|
| 630 |
0 |
7 |
|a I'm Not There (film)
|2 snkbucl
|9 1476122
|
| 650 |
0 |
7 |
|a životopisné filmy
|2 snkbucl
|9 322908
|
| 773 |
0 |
|
|t Kino-Ikon
|g Roč. 12, č. 1 (2008)
|g Roč. 6, č. 1 (2008), s. 275-278
|x 1335-1893
|
| 773 |
0 |
|
|t Frame
|g Roč. 12, č. 1 (2008)
|g Roč. 6, č. 1 (2008), s. 275-278
|x 1335-1893
|
| 850 |
|
|
|a Slovenská národná knižnica
|
| 852 |
|
|
|a Slovenská národná knižnica
|
| 954 |
|
|
|a odborná, vedecká literatúra pôvodná (slovenská)
|2 lita
|
| 958 |
|
|
|a article2022
|
| 958 |
|
|
|a OND
|
| 958 |
|
|
|a EUIPO
|
| 999 |
|
|
|c 2952721
|d 2954651
|